Parts of a Neuron Map Quiz - Statistics

General Stats
  • This quiz has been taken 791 times
  • The average score is 4 of 6
Answers on the Map
Answers color-coded by a green-red scale on the quiz's map according to % correct below.
 
Answer Stats
Answer % Correct
Nucleas
82%
Axon Terminal
76%
Myelin Sheath
70%
Cell Body
68%
Nodes of Ranvier
55%
Schwan Cells
54%
No matching quizzes found
Score Distribution
Percent of People with Each Score
Percentile by Number Answered
Your Score History
You have not taken this quiz